000 00769nam a2200217 a 4500
001 58163
003 BD-RjUL
005 20211209080607.0
008 161217s1976 bg ||||| |||| 00| 0 ben d
035 _a(BD-RjUL)58287
040 _aBD-RjUL
_bben
_cBD-RjUL
_dBD-RjUL
041 _aben
082 _223
_a306.09
_bHUP 1976
100 _aহক, তৈয়বা
_9172768
245 1 0 _aপৃথীবীর ছায়া গৃহকোণে /
_cতৈয়বা হক
260 _aঢাকা :
_bমোহাম্মদ জহুরুল-উল হক,
_c১৯৭৬.
300 _a[১০], ১৩১ পৃ. ;
_c২৩ সেমি.
650 _aসামাজিক ইতিহাস
_9170520
650 _aSocial History
_9172797
942 _2ddc
_cBK
999 _c58163
_d58163